| 000 | 00446nam a22001697a 4500 | ||
|---|---|---|---|
| 999 |
_c3841 _d3841 |
||
| 003 | OSt | ||
| 005 | 20181122185031.0 | ||
| 008 | 181122b ||||| |||| 00| 0 eng d | ||
| 040 | _cDLC | ||
| 082 |
_a251 _bT197L |
||
| 245 |
_aThe Lord's Testimony and The Wprld Need / _cBy T. A-S. |
||
| 260 |
_aLondon : _b"Witness and Testimony" Publishers, |
||
| 300 | _a63 p.: | ||
| 630 | _aWitness | ||
| 650 |
_aLord's Testimony _xWorld Need |
||
| 942 |
_2ddc _cBK |
||